000
00258nam a2200097Ia 4500
008
220216s9999 xx 000 0 und d
100
_a
Ng Tuan Tee Paul
245
0
_a
Utilisation of rubber wood in furniture manufacturing
650
_a
Rubber wood
942
_c
JS
999
_c
72017
_d
72017